週末パスが使える駅サドンデス - Statistics

General Stats
  • This quiz has been taken 324 times
  • The average score is 3 of 15
Answers on the Grid
Answers color-coded by a green-red scale on the quiz's grid according to % correct below.
女川
柳津(宮城県)
石越
くりこま高原
院内
遊佐
仙台空港
角田
荒砥
飯坂温泉
会津高原尾瀬口
ガーラ湯沢
糸魚川
湯田中
別所温泉
新島々
南甲府
富士急ハイランド
下仁田
間藤
茂木
阿字ヶ浦
新鉾田
大多喜
東京テレポート
天空橋
外川
海老名
伊豆急下田
修善寺
 
Answer Stats
Answer % Correct
女川
46%
くりこま高原
39%
ガーラ湯沢
31%
富士急ハイランド
29%
海老名
28%
湯田中
24%
別所温泉
23%
新島々
21%
伊豆急下田
21%
飯坂温泉
16%
荒砥
13%
阿字ヶ浦
13%
院内
9%
角田
9%
新鉾田
9%
No matching quizzes found
Score Distribution
Percent of People with Each Score
Percentile by Number Answered
Your Score History
You have not taken this quiz